X-Men: Days of Future Partying Logic Puzzle Quiz Stats

 Plays Quiz Updated Sep 3, 2014

Support Sporcle.
Go Orange.
Score 0/30 Timer 20:00
0 Plays Today
Hint Answer % Correct
Young Professor X???
100%
Jean Grey???
74.4%
Toad???
70%
Iceman???
65.4%
Nightcrawler???
62.9%
Cyclops???
59.2%
Old Professor X???
54.3%
Mystique (1.0)???
53%
Young Beast???
42.5%
Emma Frost???
42.4%
Young Stryker???
41.9%
Mystique (2.0)???
41.7%
Bolivar Trask???
32.9%
Kitty Pryde???
30.8%
Frasier Beast???
28.1%
Hint Answer % Correct
Sebastian Shaw???
23.4%
Blink???
23%
Rogue???
22.3%
Old Stryker???
20.8%
Young Magneto???
19.5%
Stan Lee???
19.2%
Deadpool???
18.3%
Storm???
17.2%
Old Magneto???
16.9%
Victor Creed???
15.9%
Wolverine???
15.8%
Yukio???
15.5%
Banshee???
14.6%
Angel???
12.6%
Havok???
12%

You're not logged in!

Compare scores with friends on all Sporcle quizzes.
OR
Log In
Forgot?

From the Vault

City Profile: Rome

by knope2012

Even on Sporcle, all roads lead to Rome.
Remove Ads.
Support Sporcle.
Get the best of Sporcle when you Go Orange. This ad-free experience offers more features, more stats, and more fun while also helping to support Sporcle. Thank you for becoming a member.

Show Comments

Extras

Top Quizzes Today


Score Distribution

Your Account Isn't Verified!

In order to create a playlist on Sporcle, you need to verify the email address you used during registration. Go to your Sporcle Settings to finish the process.

Report this User

Report this user for behavior that violates our Community Guidelines.

Details: